NFL Top 100 Atlanta Falcons Players of all time - Statistics

General Stats
  • This quiz has been taken 77 times
  • The average score is 9 of 100
Answer Stats
Rank Answer % Correct
1 Matt Ryan
95%
2 Julio Jones
92%
37 Deion Sanders
61%
6 Roddy White
59%
16 Michael Vick
57%
57 Tony Gonzalez
44%
31 Jamal Anderson
41%
91 Morten Andersen
36%
10 Steve Bartkowski
34%
38 Michael Turner
31%
30 Gerald Riggs
28%
28 Warrick Dunn
26%
39 Chris Chandler
25%
17 John Abraham
21%
96 Tevin Coleman
18%
52 Chris Miller
16%
84 Harry Douglas
16%
15 William Andrews
16%
23 Terance Mathis
13%
66 Devonta Freeman
10%
34 Ray Brown
10%
21 Alfred Jenkins
8%
58 Alge Crumpler
8%
32 (fun fact, he's my uncle) Andre Rison
8%
77 Desmond Trufant
8%
11 Claude Humphrey
7%
82 DeAngelo Hall
7%
4 Jeff Van Note
7%
5 Jessie Tuggle
7%
3 Mike Kenn
7%
12 Tommy Nobis
7%
87 William Moore
7%
19 Bill Fralic
5%
43 Jake Matthews
5%
75 Thomas DeCoud
5%
93 Vic Beasley
5%
61 Alex Mack
3%
81 Brian Finneran
3%
22 Jonathan Babineaux
3%
8 Keith Brooking
3%
69 Matt Bryant
3%
73 Michael Jenkins
3%
29 Patrick Kerney
3%
51 Ray Buchanan
3%
20 RC Thielemann
3%
7 Todd McClure
3%
80 Dave Hampton
2%
88 Kroy Biermann
2%
53 Ryan Schraeder
2%
27 Scott Case
2%
98 Tony Casillas
2%
24 Tyson Clabo
2%
89 Alfred Jackson
0%
78 Al Richardson
0%
85 Bert Emanuel
0%
68 Bob Berry
0%
25 Bobby Butler
0%
97 Bob Glazebrook
0%
9 Bob Whitfield
0%
83 Brady Smith
0%
33 Buddy Curry
0%
71 Chris Hinton
0%
46 Chuck Smith
0%
86 Dave Scott
0%
41 Don Hansen
0%
76 Don Smith
0%
45 Fulton Kuykendall
0%
67 George Kunz
0%
18 Greg Brezina
0%
95 Houston Hoover
0%
64 Jamie Dukes
0%
36 Jeff Merrow
0%
50 Jeff Yeates
0%
55 Jim Mitchell
0%
42 Joel Williams
0%
49 John Rade
0%
79 John Scully
0%
47 John Zook
0%
14 Justin Blalock
0%
63 Kenny Johnson
0%
56 Ken Reaves
0%
54 Kynan Forney
0%
62 Lester Archambeau
0%
65 Michael Haynes
0%
40 Mike Gann
0%
35 Mike Lewis
0%
72 Ray Easterling
0%
60 Rick Bryan
0%
99 Rick Byas
0%
70 Robbie Tobeck
0%
94 Robert Alford
0%
100 Rod Coleman
0%
13 Rolland Lawrence
0%
74 Sam Baker
0%
92 Stephen Nicholas
0%
44 (no pun intended) Todd Wiener
0%
26 Tom Pridemore
0%
48 Travis Hall
0%
90 Wallace Francis
0%
59 Warren Bryant
0%
No matching quizzes found
Score Distribution
Percent of People with Each Score
Percentile by Number Answered
Your Score History
You have not taken this quiz